000 01844nam a2200325 i 4500
003 EG-GICUC
005 20260121101538.0
008 251226s1966 ua ||||fr|||| 000 0 ara d
040 _a EG-GICUC
_bara
_c EG-GICUC
_d EG-GICUC
_erda
041 _aara
082 0 4 _221
_a345.4551
_bم ص . ت
092 0 4 _221
099 _aLaw1 07 345.4551 م ص . ت 1966
100 0 _aمصطفى بكر
_eمؤلف.
245 1 0 _aتأديب العاملين في الدولة /
_cدكتور مصطفى بكر.
264 1 _aالقاهرة :
_bدار الفكر الحديث,
_c1966.
300 _a564 صفحة ؛
_c24 سم
_bإيضاحيات، صور، مثيليات ؛
336 _2rda content
_atext
337 _2rda media
_aComputer
338 _2rda carrier
_aOnline Resource
500 _aالنصرية العامة للخطأ التأديبي - جرائم الإهمال وقرائنه - الخطأ الفني جرائم السلوك الخلقي - جريمة الموظف الجنائية والتأديب - ضمانات التحقيق - الوقف الاحتياطي - ضمانات المحاكمة - مبدأ ملاءمة العقوبةوالرد على منتقديه - - العقوبات الصريحة والمستترة - خطورة الثانية - صورها الأربعة : - التقرير السنوى الباطل - التخطى في الترقية - النقل العقابي - الفصل غير التأديبي ورقابته والتعويض عنه .
504 _a. 544-537 ببليوجرافيا: صفحات.
546 _aالنص باللغة العربية
650 1 4 _aتاديب العاملين بالقطاع العام
_2qrmak
650 1 4 _aالسلطات التاديبية
651 1 _2qrmak
856 4 0 _uhttps://fll.law.cu.edu.eg/fulltext/bks/B07-01692.pdf
905 _a79
942 _2ddc
_cBK
_e21
_n0
999 _c52548
_d52548